| 000 | 00803nam a2200253Ia 4500 | ||
|---|---|---|---|
| 003 | OSt | ||
| 005 | 20220930090713.0 | ||
| 006 | a|||||r|||| 00| 0 | ||
| 007 | ta | ||
| 008 | 220926b |||||||| |||| 00| 0 eng d | ||
| 024 | _a118940 | ||
| 037 | _cTheses | ||
| 040 |
_aCRL _cCRL _beng |
||
| 041 |
_2eng _aeng |
||
| 100 |
_aSrivastava Pyusha _9543307 |
||
| 110 | _aUniversity of Delhi. Faculty of Music & Fine Arts. Department of Music | ||
| 245 | 0 | _aNimbark sampradaye mein sangeet ka isthan aur uska vartamaan swaroop | |
| 260 | _c2011 | ||
| 650 |
_aMUSIC _917402 |
||
| 700 |
_a Prof. Geeta Paintal Gu. _9538928 |
||
| 700 | _aUniversity of Delhi. Faculty of Music & Fine Arts. Department of Music | ||
| 942 |
_cDIS _2CC |
||
| 999 |
_c881001 _d881001 |
||